000 00922na a2200265 4500
001 17676
003 MIRAKIL
005 20181213154816.0
008 161101b tu 000 0
020 _a9754402051 (c.1)
020 _a9754402043 (tk.)
040 _aMilas
_btur
_cTR-AnCHP
041 _aeng
082 _a338.06
_bW66n 1995
090 _a338.06 W66n 1995
111 _aWorld Productivity Congress
_cİstanbul
_d1995
245 _aNew visions and strategies for the next century
_bPeople, technology and productivity
_bProceedings
_cMilli Prodüktivite Merkezi (MPM)
260 _aAnkara
_bMilli Prodüktivite Merkezi (MPM)
_c1995
300 _a1. c., 876 s.
_bşkl.
_c24 sm.
500 _aKütüphanemizde sadece 1.cilt bulunmaktadır.
650 _aVerimlilik
_xEkonomi
_yToplantılar
651 _aTürkiye
_xVerimlilik
_yToplantılar
710 _aMilli Prodüktivite Merkezi (MPM)
942 _2ddc
_cBKS
999 _c1260
_d1260